Fúzie a akvizície vo vybranom odvetví bakalárska práca

Saved in:
Bibliographic Details
Main Author: Kupar, Nikita
Corporate Author: Obchodná fakulta EU. Katedra medzinárodného obchodu
Other Authors: Pásztorová, Jana, 1960-
Format: Book
Language:Slovak
Published: Bratislava 2011
Tags: Add Tag
No Tags, Be the first to tag this record!

MARC

LEADER 00000nam a2200000 4500
001 0150943
005 20240320072023.8
041 0 |a slo 
044 |a SK 
245 1 0 |a Fúzie a akvizície vo vybranom odvetví  |b bakalárska práca  |c Nikita Kupar ; školiteľ: Jana Pásztorová 
264 1 |a Bratislava  |c 2011 
300 |a 56 s. 
100 1 |a Kupar, Nikita 
700 1 |a Pásztorová, Jana, 1960- 
710 2 |a Obchodná fakulta EU. Katedra medzinárodného obchodu